[Event "Open Ciudad de Sabadell 2009"]
[Site "Sabadell ESP"]
[Date "2009.09.04"]
[Round "4.7"]
[White "Bacallao Alonso, Yusnel"]
[Black "Vehi Bach, Victor Manuel"]
[Result "1-0"]
[WhiteElo "2507"]
[BlackElo "2381"]
[PlyCount "77"]
[EventDate "2009.09.01"]
[EventType "swiss"]
[EventRounds "9"]
[EventCountry "ESP"]
[Source "lmi"]
[SourceDate "2009.09.01"]

1. Nf3 c5 2. g3 g6 3. Bg2 Bg7 4. O-O Nc6 5. c4 Nh6 6. Nc3 Nf5 7. a3 O-O 8. Rb1
a5 9. Ne1 d6 10. Nc2 Nfd4 11. Ne1 Bd7 12. e3 Nf5 13. b3 Rb8 14. Nc2 Na7 15. a4
Nc6 16. Bb2 Nb4 17. Nxb4 axb4 18. Ne2 Bxb2 19. Rxb2 e5 20. d4 exd4 21. exd4 Qf6
22. Rd2 Be6 23. Rd3 Ng7 24. Qd2 h5 25. Re1 Rfe8 26. Nf4 g5 27. Nxe6 Rxe6 28.
dxc5 dxc5 29. Rd7 Rxe1+ 30. Qxe1 Re8 31. Qd1 b6 32. Bd5 Rf8 33. Qd3 g4 34. Rd6
Qc3 35. Bxf7+ Kxf7 36. Qd5+ Ke7 37. Rd7+ Kf6 38. Qd6+ Kg5 39. h4+ 1-0

[Event "Open Ciudad de Sabadell 2009"]
[Site "Sabadell ESP"]
[Date "2009.09.04"]
[Round "4.8"]
[White "Ryan, Joseph"]
[Black "Rojas Keim, Luis"]
[Result "0-1"]
[WhiteElo "2292"]
[BlackElo "2443"]
[PlyCount "202"]
[EventDate "2009.09.01"]
[EventType "swiss"]
[EventRounds "9"]
[EventCountry "ESP"]
[Source "lmi"]
[SourceDate "2009.09.01"]

1. e4 d5 2. exd5 Qxd5 3. Nc3 Qa5 4. d4 Nf6 5. Bd2 c6 6. Bc4 Bg4 7. f3 Bf5 8.
Qe2 Qc7 9. O-O-O e6 10. g4 Bg6 11. Nh3 Be7 12. Nf4 Nd5 13. Bxd5 cxd5 14. h4 Nc6
15. Be3 h6 16. Nxg6 fxg6 17. Qd3 Kf7 18. h5 gxh5 19. gxh5 Bf6 20. Qg6+ Kg8 21.
Nb5 Qd7 22. Rhg1 Kf8 23. Qg4 Ne7 24. Nc3 Nf5 25. Bf2 Rc8 26. Rge1 b5 27. Nxb5
Qxb5 28. Rxe6 Ne7 29. Rde1 Rc6 30. R6e2 Kf7 31. Rxe7+ Bxe7 32. Rxe7+ Kxe7 33.
Qxg7+ Ke6 34. Qg6+ Kd7 35. Qg7+ Kc8 36. Qxh8+ Kb7 37. Qe5 Qd3 38. c3 Qxf3 39.
Bg3 Qe4 40. Qxe4 dxe4 41. Bf4 Rf6 42. Be3 Rf1+ 43. Kd2 Rh1 44. Bxh6 Rxh5 45.
Bf4 Rh3 46. Be5 Kc6 47. c4 a5 48. b3 Rf3 49. Ke2 Rd3 50. Bf6 Rf3 51. d5+ Kd6
52. Bd8 a4 53. bxa4 Rc3 54. a5 Rxc4 55. Bb6 Ra4 56. Ke3 Kxd5 57. Kf4 Rxa2 58.
Ke3 Ra3+ 59. Ke2 Ra2+ 60. Ke3 Rb2 61. Ba7 Rb3+ 62. Ke2 Rb5 63. Bb6 Ke5 64. Bc7+
Kf5 65. Bb6 Rb3 66. Bc5 Rc3 67. Ba7 Rc7 68. Bb8 Rb7 69. Bd6 Rb5 70. Bc7 Rc5 71.
Bb6 Rc2+ 72. Ke3 Rc3+ 73. Kd2 Rb3 74. Ke2 Rc3 75. Kd2 Rc6 76. Ke3 Ke5 77. Ke2
Rc2+ 78. Ke3 Ra2 79. Bd4+ Kd5 80. Bb6 Rb2 81. Ba7 Rc2 82. Bb6 Rb2 83. Ba7 Rc2
84. Bb6 Ra2 85. Bc7 Ra3+ 86. Ke2 Rc3 87. Bb6 Rc2+ 88. Ke3 Rc6 89. Ba7 Rc2 90.
Bb6 Rc3+ 91. Ke2 Rb3 92. Ba7 Ra3 93. Bb6 Ke5 94. Kf2 Rc3 95. Ke2 Kf4 96. a6
Rc2+ 97. Kd1 Ra2 98. a7 e3 99. a8=Q Rxa8 100. Ke2 Ra2+ 101. Kd3 Rd2+ 0-1

[Event "Open Ciudad de Sabadell 2009"]
[Site "Sabadell ESP"]
[Date "2009.09.04"]
[Round "4.9"]
[White "Cruz, Cristhian"]
[Black "Lorenzo De La Riva, Lazaro"]
[Result "1-0"]
[WhiteElo "2531"]
[BlackElo "2304"]
[PlyCount "71"]
[EventDate "2009.09.01"]
[EventType "swiss"]
[EventRounds "9"]
[EventCountry "ESP"]
[Source "lmi"]
[SourceDate "2009.09.01"]

1. d4 Nf6 2. c4 c5 3. d5 b5 4. cxb5 a6 5. bxa6 Bxa6 6. Nc3 d6 7. g3 g6 8. Bg2
Bg7 9. Nf3 Nbd7 10. O-O O-O 11. Qc2 Qa5 12. Rd1 Rfb8 13. h3 Ne8 14. Bd2 Qb4 15.
Rab1 Nc7 16. e4 Ra7 17. b3 Qa3 18. Bg5 Bxc3 19. Qxc3 f6 20. Be3 Qxa2 21. b4 Be2
22. Ra1 Bxd1 23. Rxa2 Rxa2 24. bxc5 dxc5 25. d6 Ne6 26. dxe7 Kf7 27. e5 Bxf3
28. Bxf3 Nxe5 29. Bd5 Ra7 30. f4 Nd7 31. Qc4 Ra1+ 32. Kg2 Rb2+ 33. Kf3 Kxe7 34.
Bxe6 Rd1 35. Bxd7 Kxd7 36. Qa4+ 1-0

[Event "Open Ciudad de Sabadell 2009"]
[Site "Sabadell ESP"]
[Date "2009.09.05"]
[Round "5.1"]
[White "Almeida Quintana, Omar"]
[Black "Solodovnichenko, Yuri"]
[Result "0-1"]
[WhiteElo "2513"]
[BlackElo "2601"]
[PlyCount "76"]
[EventDate "2009.09.01"]
[EventType "swiss"]
[EventRounds "9"]
[EventCountry "ESP"]
[Source "lmi"]
[SourceDate "2009.09.01"]

1. d4 Nf6 2. Nf3 c5 3. d5 b5 4. Bg5 Qb6 5. Nc3 b4 6. Na4 Qa5 7. Bxf6 exf6 8. b3
d6 9. e4 g6 10. Bd3 Bg7 11. O-O O-O 12. a3 f5 13. axb4 cxb4 14. exf5 Bxa1 15.
Qxa1 Bb7 16. Ng5 Nd7 17. fxg6 hxg6 18. f4 Rae8 19. Rf3 Qxd5 20. Nh7 Re3 21.
Nxf8 Nxf8 22. Rf2 Ne6 23. Qf1 Nxf4 24. Rxf4 Re1 25. Rf2 Rxf1+ 26. Bxf1 Qd4 27.
Bc4 Bd5 28. Bxd5 Qd1+ 29. Rf1 Qxd5 30. g3 f5 31. Rf2 Qd4 32. Kg2 g5 33. Re2 Kf7
34. h3 Kf6 35. Rf2 Kg6 36. Re2 Kh5 37. Rf2 f4 38. Re2 Qd5+ 0-1

[Event "Open Ciudad de Sabadell 2009"]
[Site "Sabadell ESP"]
[Date "2009.09.05"]
[Round "5.2"]
[White "Rojas Keim, Luis"]
[Black "Peralta, Fernando"]
[Result "1/2-1/2"]
[WhiteElo "2443"]
[BlackElo "2565"]
[PlyCount "24"]
[EventDate "2009.09.01"]
[EventType "swiss"]
[EventRounds "9"]
[EventCountry "ESP"]
[Source "lmi"]
[SourceDate "2009.09.01"]

1. d4 d5 2. Bg5 h6 3. Bh4 c5 4. dxc5 g5 5. Bg3 Bg7 6. c3 Na6 7. e4 dxe4 8.
Qxd8+ Kxd8 9. Bxa6 bxa6 10. f3 e3 11. Na3 Be6 12. Nc2 Rc8 1/2-1/2

[Event "Open Ciudad de Sabadell 2009"]
[Site "Sabadell ESP"]
[Date "2009.09.05"]
[Round "5.3"]
[White "Garcia Castro, Pablo"]
[Black "Martinez, Duany Lelys Stanley"]
[Result "1/2-1/2"]
[WhiteElo "2382"]
[BlackElo "2511"]
[PlyCount "75"]
[EventDate "2009.09.01"]
[EventType "swiss"]
[EventRounds "9"]
[EventCountry "ESP"]
[Source "lmi"]
[SourceDate "2009.09.01"]

1. e4 e6 2. b3 c5 3. Bb2 Nc6 4. Nf3 d6 5. Bb5 Bd7 6. O-O Nf6 7. Re1 Be7 8. Bf1
O-O 9. h3 Rc8 10. d3 Ne8 11. c3 Nc7 12. d4 cxd4 13. cxd4 d5 14. e5 f6 15. exf6
Rxf6 16. Nbd2 Be8 17. a3 Bh5 18. b4 Bd6 19. Be2 Rf8 20. Nb3 Qf6 21. Nc5 Bxc5
22. bxc5 Bxf3 23. Bxf3 Nb5 24. Rb1 Ncxd4 25. Bxd4 Nxd4 26. Rxb7 a5 27. Kh1 Rxc5
28. Bg4 e5 29. f3 Qg5 30. Qa4 h5 31. f4 Qxf4 32. Qd7 Qf7 33. Bxh5 Qxd7 34. Rxd7
e4 35. Rd1 Nf5 36. R1xd5 Rc1+ 37. Kh2 Ne3 38. Rg5 1/2-1/2

[Event "Open Ciudad de Sabadell 2009"]
[Site "Sabadell ESP"]
[Date "2009.09.05"]
[Round "5.4"]
[White "Gonzalez Garcia, Jose"]
[Black "Ipatov, Alexander"]
[Result "1/2-1/2"]
[WhiteElo "2509"]
[BlackElo "2463"]
[PlyCount "20"]
[EventDate "2009.09.01"]
[EventType "swiss"]
[EventRounds "9"]
[EventCountry "ESP"]
[Source "lmi"]
[SourceDate "2009.09.01"]

1. c4 Nf6 2. d4 c6 3. Nf3 d5 4. Nc3 dxc4 5. a4 Bg4 6. Ne5 Bh5 7. g3 e6 8. Bg2
Bb4 9. O-O O-O 10. Nxc4 a5 1/2-1/2

[Event "Open Ciudad de Sabadell 2009"]
[Site "Sabadell ESP"]
[Date "2009.09.05"]
[Round "5.5"]
[White "Gomez Jurado, Luis Alberto"]
[Black "Bacallao Alonso, Yusnel"]
[Result "1/2-1/2"]
[WhiteElo "2287"]
[BlackElo "2507"]
[PlyCount "56"]
[EventDate "2009.09.01"]
[EventType "swiss"]
[EventRounds "9"]
[EventCountry "ESP"]
[Source "lmi"]
[SourceDate "2009.09.01"]

1. d4 Nf6 2. Nf3 g6 3. c4 Bg7 4. Nc3 d5 5. Bg5 Ne4 6. Bf4 Nxc3 7. bxc3 dxc4 8.
e4 O-O 9. Bxc4 c5 10. O-O cxd4 11. cxd4 Bg4 12. d5 Bxf3 13. gxf3 Bxa1 14. Qxa1
Nd7 15. Bh6 Nf6 16. e5 Nh5 17. Bxf8 Kxf8 18. Rd1 Rc8 19. Qb1 Qb6 20. Qxb6 axb6
21. d6 exd6 22. exd6 Nf4 23. Bb5 Rd8 24. Kf1 g5 25. a4 Ne6 26. Rd5 h6 27. Ke1
Kg7 28. d7 Nc7 1/2-1/2

[Event "Open Ciudad de Sabadell 2009"]
[Site "Sabadell ESP"]
[Date "2009.09.05"]
[Round "5.8"]
[White "Llaneza Vega, Patricia"]
[Black "Cruz, Cristhian"]
[Result "1/2-1/2"]
[WhiteElo "2277"]
[BlackElo "2531"]
[PlyCount "87"]
[EventDate "2009.09.01"]
[EventType "swiss"]
[EventRounds "9"]
[EventCountry "ESP"]
[Source "lmi"]
[SourceDate "2009.09.01"]

1. e4 c5 2. Nf3 d6 3. d4 cxd4 4. Nxd4 Nf6 5. Nc3 a6 6. h3 e6 7. g4 b5 8. Bg2
Bb7 9. O-O b4 10. Nd5 exd5 11. exd5 Be7 12. Nc6 Bxc6 13. dxc6 d5 14. g5 Nxc6
15. gxf6 Bxf6 16. Bxd5 Rc8 17. a3 O-O 18. axb4 Nxb4 19. Be4 Rc4 20. Qe2 Qd4 21.
Re1 Qc5 22. c3 Re8 23. cxb4 Rcxe4 24. bxc5 Rxe2 25. Rxe2 Rxe2 26. Rxa6 h5 27.
Be3 Rxb2 28. Kg2 Rc2 29. Kf3 Rc4 30. Ke2 Rh4 31. Kd3 Kh7 32. Rxf6 gxf6 33. f4
Rxh3 34. c6 Rg3 35. c7 Rg8 36. f5 h4 37. Kd4 h3 38. Bf4 h2 39. Bxh2 Kh6 40. Kd5
Kg5 41. Kd6 Rc8 42. Ke7 Kxf5 43. Kxf7 Rxc7+ 44. Bxc7 1/2-1/2

[Event "Open Ciudad de Sabadell 2009"]
[Site "Sabadell ESP"]
[Date "2009.09.05"]
[Round "5.9"]
[White "Vassallo Barroche, Mauricio"]
[Black "Villuendas Valero, Adrian"]
[Result "1/2-1/2"]
[WhiteElo "2411"]
[BlackElo "2186"]
[PlyCount "116"]
[EventDate "2009.09.01"]
[EventType "swiss"]
[EventRounds "9"]
[EventCountry "ESP"]
[Source "lmi"]
[SourceDate "2009.09.01"]

1. Nf3 Nf6 2. g3 d5 3. Bg2 c6 4. O-O Bf5 5. d3 e6 6. b3 Be7 7. Bb2 h6 8. Nbd2
O-O 9. Ne5 Nbd7 10. e4 Bh7 11. Nxd7 Nxd7 12. f4 dxe4 13. dxe4 Qb6+ 14. Kh1 Rfd8
15. Nc4 Qc7 16. Qe2 Bf6 17. e5 Be7 18. Rad1 Nb6 19. Nd6 Nc8 20. Ne4 Nb6 21.
Rde1 Nd5 22. a3 Qa5 23. b4 Qa4 24. c4 Nc7 25. Nd6 Bxd6 26. exd6 Rxd6 27. Bxg7
Qc2 28. Qxc2 Bxc2 29. Be5 Rd7 30. Rf2 Bb3 31. Bf1 Rad8 32. Re3 Ba4 33. f5 exf5
34. Rxf5 Bc2 35. Rf2 Bg6 36. Bf6 Re8 37. Rfe2 Re6 38. Rxe6 Nxe6 39. Kg1 Rd1 40.
Kf2 Bd3 41. Re1 Rxe1 42. Kxe1 Bxf1 43. Kxf1 Kh7 44. Ke2 Kg6 45. Bb2 Kf5 46. Ke3
Kg4 47. Be5 f5 48. a4 a6 49. h4 b5 50. axb5 axb5 51. c5 h5 52. Bd6 f4+ 53. Bxf4
Kf5 54. Bd6 Ng7 55. Bb8 Ne8 56. Kd4 Nf6 57. Bf4 Nd5 58. Bd2 Nf6 1/2-1/2

[Event "Open Ciudad de Sabadell 2009"]
[Site "Sabadell ESP"]
[Date "2009.09.05"]
[Round "5.10"]
[White "Larduet Despaigne, Carlos"]
[Black "Alonso Castillo, Sergio"]
[Result "1-0"]
[WhiteElo "2331"]
[BlackElo "2123"]
[PlyCount "73"]
[EventDate "2009.09.01"]
[EventType "swiss"]
[EventRounds "9"]
[EventCountry "ESP"]
[Source "lmi"]
[SourceDate "2009.09.01"]

1. e4 e5 2. Bc4 Nf6 3. d3 Nc6 4. Nf3 Be7 5. Bb3 O-O 6. O-O d5 7. Nbd2 dxe4 8.
dxe4 Bg4 9. c3 Qd7 10. h3 Bh5 11. Qe2 a6 12. Re1 Rfe8 13. Nf1 Rad8 14. Bc2 Bg6
15. Nh4 Bh5 16. Nf3 Bg6 17. Nh4 Bh5 18. Qe3 Qc8 19. Ng3 Bg6 20. Nhf5 Bf8 21.
Qf3 Nd7 22. b4 Ne7 23. Bb3 Bxf5 24. exf5 c5 25. Ne4 Qc6 26. Ng5 c4 27. Qxc6
Nxc6 28. Bxc4 Re7 29. Be3 h6 30. Ne4 Rc8 31. Bb3 Rc7 32. a3 Re8 33. Rad1 Be7
34. f3 Nf6 35. Rd3 Rec8 36. Bb6 Rd7 37. Nxf6+ 1-0

[Event "Open Ciudad de Sabadell 2009"]
[Site "Sabadell ESP"]
[Date "2009.09.07"]
[Round "6.1"]
[White "Solodovnichenko, Yuri"]
[Black "Gonzalez Garcia, Jose"]
[Result "1-0"]
[WhiteElo "2601"]
[BlackElo "2509"]
[PlyCount "73"]
[EventDate "2009.09.01"]
[EventType "swiss"]
[EventRounds "9"]
[EventCountry "ESP"]
[Source "lmi"]
[SourceDate "2009.09.01"]

1. e4 e5 2. Nf3 Nc6 3. Bb5 a6 4. Ba4 Nf6 5. O-O Be7 6. Re1 b5 7. Bb3 d6 8. c3
O-O 9. h3 Na5 10. Bc2 c5 11. d4 Qc7 12. Nbd2 cxd4 13. cxd4 Nc6 14. a3 exd4 15.
b4 Nd7 16. Bb2 Bf6 17. Rc1 Bb7 18. Bb3 Qb6 19. Bd5 Nde5 20. Bxc6 Nxc6 21. Nb3
Rfe8 22. Nbxd4 d5 23. Rxc6 Bxc6 24. e5 Be7 25. e6 Bf6 26. Ne5 Bxe5 27. Rxe5 f6
28. Re3 g6 29. Qg4 Bb7 30. Qh4 Qd8 31. Nf5 d4 32. Bxd4 Rc8 33. Bxf6 Qd1+ 34.
Kh2 Qd5 35. Nh6+ Kf8 36. e7+ Rxe7 37. Bxe7+ 1-0

[Event "Open Ciudad de Sabadell 2009"]
[Site "Sabadell ESP"]
[Date "2009.09.07"]
[Round "6.2"]
[White "Peralta, Fernando"]
[Black "Mellado Trivino, Juan"]
[Result "1/2-1/2"]
[WhiteElo "2565"]
[BlackElo "2422"]
[PlyCount "93"]
[EventDate "2009.09.01"]
[EventType "swiss"]
[EventRounds "9"]
[EventCountry "ESP"]
[Source "lmi"]
[SourceDate "2009.09.01"]

1. d4 e6 2. c4 Bb4+ 3. Bd2 a5 4. Nc3 Nf6 5. e3 b6 6. Bd3 O-O 7. Nf3 d5 8. O-O
Bb7 9. Qe2 Ne4 10. Rfd1 Nd7 11. Rac1 Qe7 12. cxd5 exd5 13. a3 Nxc3 14. Bxc3 Bd6
15. Ne5 Bxe5 16. dxe5 c5 17. f4 f6 18. Bf5 fxe5 19. Bxd7 Qxd7 20. Bxe5 a4 21.
e4 Qe6 22. exd5 Bxd5 23. Rc3 Rad8 24. Rg3 Rd7 25. Re1 Bc4 26. Qd1 Qd5 27. Qxd5+
Bxd5 28. Rd1 Rff7 29. Rgd3 Be6 30. Rd6 Bf5 31. h3 h5 32. Kf2 Rfe7 33. Kg3 Rxd6
34. Rxd6 Re6 35. Rd8+ Kf7 36. Rd7+ Kf8 37. Ra7 Rg6+ 38. Kf3 Bc2 39. Rd7 h4 40.
Rd8+ Kf7 41. Rd7+ Kf8 42. Rd8+ Kf7 43. Rh8 Rg3+ 44. Kf2 Be4 45. Rxh4 Rxg2+ 46.
Ke3 Bg6 47. Kf3 1/2-1/2

[Event "Open Ciudad de Sabadell 2009"]
[Site "Sabadell ESP"]
[Date "2009.09.07"]
[Round "6.3"]
[White "Martinez, Duany Lelys Stanley"]
[Black "Larduet Despaigne, Carlos"]
[Result "1-0"]
[WhiteElo "2511"]
[BlackElo "2331"]
[PlyCount "65"]
[EventDate "2009.09.01"]
[EventType "swiss"]
[EventRounds "9"]
[EventCountry "ESP"]
[Source "lmi"]
[SourceDate "2009.09.01"]

1. d4 d5 2. Nf3 Nf6 3. c4 e6 4. Nc3 Nbd7 5. Bg5 c6 6. e3 Be7 7. Bd3 h6 8. Bh4
O-O 9. O-O a6 10. Qe2 c5 11. Rad1 dxc4 12. Bxc4 b5 13. dxc5 Bxc5 14. Bd3 Qe7
15. Bb1 Rd8 16. e4 g5 17. e5 gxh4 18. exf6 Nxf6 19. Rxd8+ Qxd8 20. Ne4 Be7 21.
Nxf6+ Bxf6 22. Qe4 Bd7 23. Rd1 Ra7 24. Qh7+ Kf8 25. Qxh6+ Bg7 26. Qh5 Qc7 27.
Ng5 Be8 28. Qxh4 Qc5 29. Nh7+ Kg8 30. h3 Ra8 31. Nf6+ Bxf6 32. Qxf6 Kf8 33. Rd4
1-0

[Event "Open Ciudad de Sabadell 2009"]
[Site "Sabadell ESP"]
[Date "2009.09.07"]
[Round "6.4"]
[White "Bacallao Alonso, Yusnel"]
[Black "Garcia Castro, Pablo"]
[Result "1-0"]
[WhiteElo "2507"]
[BlackElo "2382"]
[PlyCount "90"]
[EventDate "2009.09.01"]
[EventType "swiss"]
[EventRounds "9"]
[EventCountry "ESP"]
[Source "lmi"]
[SourceDate "2009.09.01"]

1. Nf3 Nf6 2. g3 d6 3. Bg2 g6 4. b3 Bg7 5. Bb2 e5 6. c4 O-O 7. Nc3 c5 8. O-O
Nc6 9. e3 Nh5 10. d3 f5 11. Nd2 Rb8 12. Nd5 Be6 13. a3 a5 14. Bc3 Nf6 15. Qc2
Bxd5 16. cxd5 Ne7 17. b4 axb4 18. axb4 b6 19. Ra7 Nc8 20. Ra6 Kh8 21. bxc5 bxc5
22. Nc4 Qd7 23. Rfa1 f4 24. Nxe5 dxe5 25. Bxe5 Rb6 26. Qxc5 Qb7 27. d6 Rb1+ 28.
Rxb1 Qxb1+ 29. Bf1 fxe3 30. Qxe3 Qb7 31. Ra4 Nb6 32. Ra5 Nbd7 33. Ra7 Qd5 34.
Bb2 Rb8 35. Bxf6 Nxf6 36. Qe7 Qg8 37. d7 Qf8 38. Qe6 Ng8 39. Rc7 Bd4 40. Qe2
Rd8 41. Bh3 Qe7 42. Qe4 Qf6 43. Rc2 Rf8 44. Bg2 Nh6 45. Qe5 Qxe5 1-0

[Event "Open Ciudad de Sabadell 2009"]
[Site "Sabadell ESP"]
[Date "2009.09.07"]
[Round "6.5"]
[White "Ipatov, Alexander"]
[Black "Cruz, Jonathan"]
[Result "1-0"]
[WhiteElo "2463"]
[BlackElo "2292"]
[PlyCount "91"]
[EventDate "2009.09.01"]
[EventType "swiss"]
[EventRounds "9"]
[EventCountry "ESP"]
[Source "lmi"]
[SourceDate "2009.09.01"]

1. d4 Nf6 2. c4 e6 3. Nc3 Bb4 4. a3 Bxc3+ 5. bxc3 c5 6. f3 Qa5 7. Bd2 O-O 8. e4
d6 9. Bd3 Nc6 10. Ne2 Qc7 11. O-O e5 12. d5 Ne7 13. Ng3 Ng6 14. Bg5 Ne8 15. Qd2
f6 16. Be3 Ne7 17. Nf5 g6 18. Nxe7+ Qxe7 19. f4 Ng7 20. h3 Nh5 21. f5 g5 22.
Kf2 Nf4 23. Bc2 h5 24. h4 Rb8 25. hxg5 fxg5 26. Rh1 h4 27. g3 hxg3+ 28. Kxg3 b5
29. Rh6 Rf6 30. Qh2 Qg7 31. Rxf6 Qxf6 32. Rh1 Qg7 33. cxb5 Rxb5 34. Ba4 Rb7 35.
Kg4 Bd7 36. Bxd7 Rxd7 37. Qh6 Qxh6 38. Rxh6 Kg7 39. Kxg5 Ne2 40. f6+ Kg8 41.
Kf5 Nxc3 42. Ke6 Rb7 43. Rh4 c4 44. Rg4+ Kh7 45. f7 Rb8 46. Kf6 1-0

[Event "Open Ciudad de Sabadell 2009"]
[Site "Sabadell ESP"]
[Date "2009.09.07"]
[Round "6.6"]
[White "Perpinya Rofes, Lluis Maria"]
[Black "Rojas Keim, Luis"]
[Result "0-1"]
[WhiteElo "2315"]
[BlackElo "2443"]
[PlyCount "114"]
[EventDate "2009.09.01"]
[EventType "swiss"]
[EventRounds "9"]
[EventCountry "ESP"]
[Source "lmi"]
[SourceDate "2009.09.01"]

1. e4 e6 2. d4 d5 3. Nc3 Nf6 4. e5 Nfd7 5. f4 c5 6. Nf3 Nc6 7. Be3 cxd4 8. Nxd4
Bc5 9. Qd2 O-O 10. O-O-O a6 11. Qf2 Bxd4 12. Bxd4 b5 13. Bd3 Nxd4 14. Qxd4 Qc7
15. Rhe1 Qc5 16. Ne2 b4 17. f5 Qxd4 18. Nxd4 Re8 19. fxe6 fxe6 20. Re3 Nc5 21.
Rf1 Bb7 22. Ref3 Re7 23. Rh3 Ne4 24. Re3 a5 25. Nb5 Nc5 26. Rh3 Nxd3+ 27. cxd3
d4 28. Rg3 Rc8+ 29. Kd2 Rc5 30. Nxd4 Rxe5 31. Rg4 Rd7 32. Rgf4 g5 33. Rf8+ Kg7
34. Nf3 Rxd3+ 35. Kxd3 Ba6+ 36. Kd4 Rd5+ 37. Ke3 Bxf1 38. Re8 Bxg2 39. Rxe6
Bxf3 40. Kxf3 Rd2 41. Re5 Kf6 42. Rxa5 Rxh2 43. b3 Kg6 44. Kg3 Rb2 45. Rb5 Rxa2
46. Rxb4 Kh5 47. Kf3 Rb2 48. Rb7 h6 49. Rb6 g4+ 50. Kf4 Rf2+ 51. Kg3 Rf3+ 52.
Kg2 Kg5 53. b4 Rb3 54. b5 h5 55. Rb8 Rb2+ 56. Kf1 Kh4 57. b6 Kg3 0-1

[Event "Open Ciudad de Sabadell 2009"]
[Site "Sabadell ESP"]
[Date "2009.09.07"]
[Round "6.7"]
[White "Gomez Jurado, Luis Alberto"]
[Black "Fier, Alexandr"]
[Result "1/2-1/2"]
[WhiteElo "2287"]
[BlackElo "2644"]
[PlyCount "124"]
[EventDate "2009.09.01"]
[EventType "swiss"]
[EventRounds "9"]
[EventCountry "ESP"]
[Source "lmi"]
[SourceDate "2009.09.01"]

1. d4 d5 2. Nf3 Nf6 3. c4 e6 4. Nc3 Nbd7 5. Qc2 c5 6. e4 Bd6 7. Bd3 dxc4 8.
Bxc4 b5 9. Bb3 O-O 10. O-O Bb7 11. Rd1 Qb8 12. e5 Bxf3 13. gxf3 c4 14. exd6
cxb3 15. Qxb3 b4 16. Ne4 Nxe4 17. fxe4 Qxd6 18. Be3 f5 19. d5 e5 20. exf5 Rxf5
21. Rac1 Qg6+ 22. Kh1 Qg4 23. d6+ Kh8 24. Qd5 Raf8 25. Rg1 Qe2 26. Rc7 R5f7 27.
Rxa7 h5 28. Qd1 Qxb2 29. Qxh5+ Kg8 30. Qg4 Qc2 31. Rc1 Nf6 32. Rxc2 Nxg4 33.
Rxf7 Kxf7 34. Bb6 Ke6 35. h3 Nf6 36. Bc7 Ne4 37. Kg2 Kd7 38. Rb2 Nc5 39. Rxb4
Nd3 40. Rb8 Rxf2+ 41. Kg3 e4 42. Rd8+ Kc6 43. Re8 Rf3+ 44. Kh4 Nf2 45. a4 Rxh3+
46. Kg5 Ra3 47. a5 e3 48. Bb6 Nd1 49. d7 Kxd7 50. Rd8+ Ke6 51. Rxd1 Ke5 52. Re1
Kd5 53. Kg6 Kc6 54. Kxg7 Kb7 55. Kf6 Kc6 56. Ke6 Kb7 57. Kd5 Ka6 58. Kc6 Rd3
59. Re2 Ra3 60. Rb2 e2 61. Rxe2 Rh3 62. Re6 Rh6 1/2-1/2

[Event "Open Ciudad de Sabadell 2009"]
[Site "Sabadell ESP"]
[Date "2009.09.07"]
[Round "6.8"]
[White "Cruz, Cristhian"]
[Black "Vehi Bach, Victor Manuel"]
[Result "1/2-1/2"]
[WhiteElo "2531"]
[BlackElo "2381"]
[PlyCount "40"]
[EventDate "2009.09.01"]
[EventType "swiss"]
[EventRounds "9"]
[EventCountry "ESP"]
[Source "lmi"]
[SourceDate "2009.09.01"]

1. d4 d5 2. Nf3 e6 3. c4 Nf6 4. Bg5 Bb4+ 5. Nc3 O-O 6. e3 c5 7. cxd5 exd5 8.
Qc2 cxd4 9. Nxd4 Nc6 10. Rd1 Be7 11. Be2 Be6 12. Nf5 h6 13. Bh4 Nb4 14. Nxe7+
Qxe7 15. Qb1 Rfd8 16. O-O g5 17. Bg3 Nc6 18. Rd2 Qc5 19. Rc1 Qe7 20. f4 Qd7
1/2-1/2

[Event "Open Ciudad de Sabadell 2009"]
[Site "Sabadell ESP"]
[Date "2009.09.07"]
[Round "6.10"]
[White "Camino Carrio, Nicanor"]
[Black "Vassallo Barroche, Mauricio"]
[Result "0-1"]
[WhiteElo "2172"]
[BlackElo "2411"]
[PlyCount "60"]
[EventDate "2009.09.01"]
[EventType "swiss"]
[EventRounds "9"]
[EventCountry "ESP"]
[Source "lmi"]
[SourceDate "2009.09.01"]

1. e4 e5 2. Nf3 d6 3. d4 exd4 4. Qxd4 a6 5. Bg5 Nc6 6. Qd2 Be7 7. Bf4 Nf6 8.
Nc3 O-O 9. O-O-O Be6 10. Kb1 b5 11. Bd3 Ng4 12. Nd5 Nge5 13. Qc3 b4 14. Nxb4
Nxb4 15. Qxb4 Rb8 16. Qc3 Ng6 17. Bg3 Qc8 18. e5 d5 19. Bxg6 hxg6 20. Nd4 c5
21. Nxe6 Qxe6 22. h4 Rfd8 23. h5 d4 24. Qf3 g5 25. h6 gxh6 26. Qh5 Rb6 27. f4
Rdb8 28. b3 c4 29. f5 Qxf5 30. e6 Rxb3+ 0-1

[Event "Open Ciudad de Sabadell 2009"]
[Site "Sabadell ESP"]
[Date "2009.09.08"]
[Round "7.1"]
[White "Martinez, Duany Lelys Stanley"]
[Black "Solodovnichenko, Yuri"]
[Result "1-0"]
[WhiteElo "2511"]
[BlackElo "2601"]
[PlyCount "97"]
[EventDate "2009.09.01"]
[EventType "swiss"]
[EventRounds "9"]
[EventCountry "ESP"]
[Source "lmi"]
[SourceDate "2009.09.01"]

1. e4 c5 2. Nf3 d6 3. d4 cxd4 4. Nxd4 Nf6 5. Nc3 e6 6. Be2 Be7 7. O-O O-O 8. f4
Nc6 9. Kh1 Nxd4 10. Qxd4 b6 11. b3 Bb7 12. Bb2 Qc7 13. Bd3 d5 14. Nb5 Qd7 15.
e5 Bc5 16. Qc3 d4 17. Qd2 Ne4 18. Qe2 Rfd8 19. Rad1 Qc6 20. Bxd4 Bxd4 21. Bxe4
Qxe4 22. Qxe4 Bxe4 23. Nxd4 a6 24. Rfe1 Bb7 25. Kg1 Rd7 26. Re2 h6 27. Kf2 g5
28. g3 Rc8 29. Red2 Rc3 30. Ne2 Rf3+ 31. Ke1 Rxd2 32. Rxd2 gxf4 33. Nxf4 Rc3
34. Rd8+ Kg7 35. Kd2 Rc7 36. g4 Rc8 37. Rd7 Bf3 38. h3 Kf8 39. c4 Rc5 40. Rd3
Bb7 41. Rd8+ Ke7 42. Rb8 Rc7 43. Nh5 b5 44. Nf6 Bc6 45. c5 a5 46. a3 b4 47. a4
Ra7 48. Rc8 Ra6 49. Ke3 1-0

[Event "Open Ciudad de Sabadell 2009"]
[Site "Sabadell ESP"]
[Date "2009.09.08"]
[Round "7.2"]
[White "Rojas Keim, Luis"]
[Black "Bacallao Alonso, Yusnel"]
[Result "1-0"]
[WhiteElo "2443"]
[BlackElo "2507"]
[PlyCount "73"]
[EventDate "2009.09.01"]
[EventType "swiss"]
[EventRounds "9"]
[EventCountry "ESP"]
[Source "lmi"]
[SourceDate "2009.09.01"]

1. e4 c6 2. c4 d5 3. exd5 cxd5 4. cxd5 Nf6 5. Nc3 Nxd5 6. Nf3 Nc6 7. Bc4 Nb6 8.
Bb3 g6 9. a4 Bf5 10. a5 Nd7 11. a6 bxa6 12. d4 Bg7 13. Rxa6 Nb6 14. O-O O-O 15.
Be3 Bg4 16. Nb5 Nb4 17. Ra3 a5 18. h3 Bf5 19. Nc3 Bd3 20. Re1 Nc4 21. Bxc4 Bxc4
22. Qd2 Re8 23. Ne4 Bd5 24. Bg5 Ra7 25. Rae3 Rc7 26. Rc3 Rd7 27. Bh6 Bh8 28.
Qf4 Bb7 29. Ne5 f5 30. Qxf5 e6 31. Qg4 Rxd4 32. Nxg6 Bxe4 33. Rxe4 Rxe4 34.
Ne7+ Kf7 35. Qxe4 Kxe7 36. Qxh7+ Kd6 37. Bf4+ 1-0

[Event "Open Ciudad de Sabadell 2009"]
[Site "Sabadell ESP"]
[Date "2009.09.08"]
[Round "7.3"]
[White "Vassallo Barroche, Mauricio"]
[Black "Ipatov, Alexander"]
[Result "1/2-1/2"]
[WhiteElo "2411"]
[BlackElo "2463"]
[PlyCount "36"]
[EventDate "2009.09.01"]
[EventType "swiss"]
[EventRounds "9"]
[EventCountry "ESP"]
[Source "lmi"]
[SourceDate "2009.09.01"]

1. c4 e5 2. Nc3 Nc6 3. Nf3 f5 4. d4 e4 5. Ng5 Nf6 6. Nh3 Bb4 7. e3 Bxc3+ 8.
bxc3 d6 9. Nf4 O-O 10. c5 d5 11. h4 Ne7 12. h5 c6 13. a4 Bd7 14. Be2 Qc7 15. g3
Rae8 16. Qb3 Bc8 17. c4 Qd8 18. Bd2 Rf7 1/2-1/2